Akademická Dubnica 2004 zborník prednášok z 10. národnej vedeckej konferencie s medzinárodnou účasťou, 16. a 17. júna 2004, Dubnica nad Váhom I. diel
| Korporatívny autor: | |
|---|---|
| Médium: | Konferenčný príspevok Kniha |
| Jazyk: | slovenčina ruština angličtina čeština |
| Fyzický popis: | 394, i-vi s. fotogr., grafy, ilustr., tab. 21 cm |
| Vydavateľské údaje: |
V Bratislave
Slovenská technická univerzita
2004
|
| ISBN: | 8022720763 |
| Vydanie: | 1. vyd. |
| Predmet: |
MARC
| LEADER | 00000cam a2200000 a 4500 | ||
|---|---|---|---|
| 001 | vtls001486765 | ||
| 003 | SK-MaSNL | ||
| 005 | 20260302003103.0 | ||
| 008 | 240226s2004 xo l fr 100 0 slo | ||
| 015 | |a SNBA2005/02-00499 | ||
| 020 | |a 8022720763 |q (brož.) | ||
| 035 | |a SNK000442057 | ||
| 035 | |a urn:nbn:sk:snk-amkozk | ||
| 035 | |a urn:nbn:sk:snk-am003xjn | ||
| 035 | |a C85306FC-D6CC-4B6E-A940-3DAC5998587F | ||
| 040 | |a SNK |b slo |c SNK |e AACR2 | ||
| 041 | 0 | |a slo |a rus |a eng |a cze |b eng | |
| 044 | |a xo |c SK | ||
| 072 | 7 | |a 621 |x Strojárstvo |2 konspekt | |
| 080 | |a 621 |2 1997 | ||
| 080 | |a (063) |2 1997 | ||
| 080 | |a 62 |2 1997 | ||
| 111 | 2 | |a Akademická Dubnica |n (10. : |d 2004 : |c Dubnica nad Váhom, Slovensko) |4 aut |9 304917 | |
| 245 | 1 | 0 | |a Akademická Dubnica 2004 |b zborník prednášok z 10. národnej vedeckej konferencie s medzinárodnou účasťou, 16. a 17. júna 2004, Dubnica nad Váhom |c [zodpovedný redaktor: Jozef Turza] |n I. diel |
| 250 | |a 1. vyd. | ||
| 260 | |a V Bratislave |b Slovenská technická univerzita |c 2004 | ||
| 300 | |a 394, i-vi s. |b fotogr., grafy, ilustr., tab. |c 21 cm | ||
| 366 | |e 100 výtl. | ||
| 500 | |a Pozn. | ||
| 504 | |a Bibliogr. odkazy | ||
| 546 | |a Čiast. text angl., čes., rus. Res. angl. | ||
| 650 | 0 | 7 | |a technika |2 SNKPH |9 671 |
| 650 | 0 | 7 | |a strojársky priemysel |2 SNKPH |9 66942 |
| 655 | 7 | |a zborníky konferencií |2 SNKPH |9 70153 | |
| 700 | 1 | |a Turza, Jozef |4 red |9 5838 | |
| 752 | |a Slovensko |d Bratislava | ||
| 919 | |a 80-227-2076-3 | ||
| 958 | |a NB | ||
| 958 | |a OND | ||
| 999 | |c 990631 |d 992561 | ||
| 952 | |t P60, <03>, [BOOK], {603}, -K- |a SNK |b SNK |y PREZ |7 0 |p 17A0451618 |o snkSC 118344/1 |i snkKSP 15758/2004 |0 0 |1 0 |4 0 |d 2004-12-09 |f 1 |l 0 |r 2025-10-07 00:00:00 |w 2026-02-24 | ||
| 952 | |t P60, <04>, [BOOK], {604} |a SNK |b SNK |y VYP |7 0 |p 17A0451619 |o snkSC 118344/1 D1 |i snkKSP 15759/2004 |0 0 |1 0 |4 0 |d 2004-12-09 |l 0 |r 2005-01-02 00:00:00 |w 2026-02-24 | ||


